000 00210nam a2200085Ia 4500
008 120527s9999 xx 000 0 und d
100 _aLEGTERS, H.Lyman
245 _aCritical Perspective on democracy
942 _cBK
999 _c25250
_d25250